1000 câu hỏi - đáp về Thăng Long - Hà Nội Tập I

Tập hợp những câu hỏi - đáp về Thủ đô Hà Nội - Thăng Long dựa trên những thư tịch về sử học, khảo cổ học, dân tộc học, văn hóa học, những văn vật hiện tồn phản ánh tương đối toàn diện, sinh động về vị trí địa lí, địa lí tự nhiên,...

Celý popis

Uloženo v:
Podrobná bibliografie
Hlavní autor: Nguyễn, Hải Kế
Další autoři: Lâm, Mỹ Dung
Médium: Kniha
Jazyk:Undetermined
Vydáno: H. Chính trị quốc gia 2000
Témata:
On-line přístup:http://lrc.tdmu.edu.vn/opac/search/detail.asp?aID=2&ID=6401
Tagy: Přidat tag
Žádné tagy, Buďte první, kdo otaguje tento záznam!
Thư viện lưu trữ: Trung tâm Học liệu Trường Đại học Thủ Dầu Một
LEADER 01472nam a2200229Ia 4500
001 TDMU_6401
008 210410s9999 xx 000 0 und d
082 |a 915.9731 
090 |b NG527 
100 |a Nguyễn, Hải Kế 
245 0 |a 1000 câu hỏi - đáp về Thăng Long - Hà Nội 
245 0 |c Ban Chỉ đạo quốc gia kỷ niệm 1000 năm Thăng Long - Trường Đại học Khoa học xã hội và nhân văn 
245 0 |n Tập I 
260 |a H. 
260 |b Chính trị quốc gia 
260 |c 2000 
300 |a 396tr. 
520 |a Tập hợp những câu hỏi - đáp về Thủ đô Hà Nội - Thăng Long dựa trên những thư tịch về sử học, khảo cổ học, dân tộc học, văn hóa học, những văn vật hiện tồn phản ánh tương đối toàn diện, sinh động về vị trí địa lí, địa lí tự nhiên, địa lí hành chính, dân cư, lịch sử và văn hóa, văn vật của Thăng Long - Hà Nội trong suốt chiều dài lịch sử dân tộc 
650 |a Lịch sử Việt Nam; Lịch sử; Lịch sử Việt Nam; Lịch sử địa phương; Thăng Long; Hà Nội 
700 |a Lâm, Mỹ Dung 
856 |u http://lrc.tdmu.edu.vn/opac/search/detail.asp?aID=2&ID=6401 
980 |a Trung tâm Học liệu Trường Đại học Thủ Dầu Một